MARC

LEADER 00000nam1a2200000 4500
001 305009
005 20231102001746.0
020 |a RU  |b 83-37759 
035 |a (RuTPU)RU\TPU\book\330269 
090 |a 305009 
100 |a 20150922d1983 k y0rusy5003 ca 
101 0 |a rus 
200 1 |a Совершенствование технологии и оборудования для подземной добычи сланца  |e научные сообщения  |f Академия наук СССР (АН СССР), Институт горного дела им. А. А. Скочинского (ИГД) ; под ред. Ю.Ф. Пономаренко 
210 |a Москва  |c Изд-во ИГД  |d 1983 
215 |a 145 с.  |c ил. 
225 1 |a Научные сообщения ИГД им. А. А. Скочинского  |f Ин-т горн. дела им. А. А. Скочинского  |v Вып. 214 
320 |a Библиография в конце статей 
606 1 |a Сланцы горючие  |x Добыча  |2 stltpush  |3 (RuTPU)RU\TPU\subj\55098  |9 73169 
610 1 |a подземная добыча 
610 1 |a технология 
610 1 |a оборудование 
610 1 |a механизация 
610 1 |a прибалтийские сланцы 
610 1 |a Прибалтийский бассейн 
610 1 |a технико-экономические показатели 
610 1 |a динамика 
610 1 |a очистные машины 
610 1 |a проходческие машины 
675 |a 622.337  |z rus  |v 3 
702 1 |a Пономаренко  |b Ю.Ф.  |g Юрий Филиппович  |4 340 
712 0 2 |a Академия наук СССР (АН СССР)  |b Институт горного дела им. А. А. Скочинского (ИГД)  |c (Люберцы)  |2 stltpush  |3 (RuTPU)RU\TPU\col\11351 
801 0 |a RU  |b RuMRKP  |c 19950704  |g psbo 
801 1 |a RU  |b 63413507  |c 20150922 
801 2 |a RU  |b 63413507  |c 20180710  |g RCR 
942 |c BK